[Event "6th Cesme Open-A 2018"]
[Site "Cesme"]
[Date "2018.07.01"]
[Round "9.3"]
[White "Oleksienko, Mikhailo"]
[Black "Kovchan, Alexander"]
[Result "1-0"]
[WhiteElo "2604"]
[BlackElo "2572"]
[Annotator "TA"]
[PlyCount "63"]
[EventDate "2018.06.26"]
[EventType "swiss"]
[EventCountry "TUR"]
[SourceTitle "playchess.com"]
[Source "ChessBase"]
[SourceQuality "1"]

{[%evp 9,62,0,4,0,18,21,22,4,8,4,43,9,12,7,6,0,6,19,10,-47,-39,-85,-12,-1,0,0,0,-29,-22,-28,-20,-22,-25,-15,28,0,79,0,0,0,0,0,0,0,0,0,0,0,0,0,103,104,29997,29998,29999]} 1. d4 Nf6 2. Bf4 g6 3. Nc3 d5 4. e3 c6 (4... Bg7 5. h4 h5 6. Nf3 Bg4 7. Be2 Bxf3 8. Bxf3 c6 9. Qd2 Nbd7 10. O-O-O b5 11. Kb1 {½-½ (34) Aronian,L (2797)-Vachier Lagrave,M (2793) Caleta 2018}) 5. h4 h5 {LiveBook: 6 Partien} 6. Qd2 {A45: Damenbauernspiele (Trompowski-Angriff)} b5 $146 ({Vorgänger:} 6... Bg7 7. Nf3 Nbd7 8. O-O-O b5 9. Ng5 Qa5 10. f3 Nb6 11. a3 O-O 12. Kb1 {0-1 (56) Kovalev,V (2546)-Paikidze,N (2340) New Jersey 2015}) 7. Bd3 a5 8. Nf3 {Die Stellung ist ausgeglichen.} Bg7 9. Ne5 (9. O-O {looks sharper.} O-O 10. Ne2 Nbd7 11. c3 Ba6 12. a4) 9... Ng4 10. Nxg4 hxg4 11. Ne2 Nd7 12. O-O-O e5 13. dxe5 $1 Nxe5 14. Nd4 (14. e4 $11) 14... Qb6 $15 15. Qe2 Bd7 (15... Kf8 $17 16. h5 gxh5) 16. h5 $11 {[#] Und Lxe5 würde nun gewinnen.} gxh5 17. Bf5 $36 {[%mdl 2048] Und weiter mit e4 wäre nett. Weiss drückt.} O-O-O 18. Bg5 Rde8 19. Bxd7+ Nxd7 20. Nf5 Be5 21. e4 Qc5 22. Qd2 a4 (22... Nb6 $11 23. Be3 (23. Qxa5 $2 Bxb2+ 24. Kb1 Nc4 $19) 23... d4 24. Bxd4 Bxd4 25. Qxd4 Qxd4 26. Rxd4 Kc7) 23. Be3 ({Günstiger ist} 23. exd5 $16 Nb6 24. Be3 Bxb2+ 25. Kb1 (25. Kxb2 Nc4+ 26. Ka1 Rxe3 $17) 25... Rxe3 26. Qxe3) 23... Qc4 24. Qa5 {Droht stark Ld4.} Qxe4 25. Qa6+ Kc7 26. Qa5+ Kc8 27. Qa6+ Kc7 28. Qa7+ Kd8 29. Qa8+ Nb8 (29... Kc7 $11 {bleibt in der Remisbreite.} 30. Qa7+ Kc8 31. Qa6+) 30. Qb7 $16 {[%mdl 1024] Weiss droht Lb6+ und Matt. Weiss hat starke Kompensation.} Re6 $2 {[%mdl 8192] [#]} (30... Nd7 $16) 31. Bb6+ Ke8 32. Qc8# {Precision: Weiß = 46%, Schwarz = 46%.} 1-0

[Event "6th Cesme Open-A 2018"]
[Site "Cesme"]
[Date "2018.07.01"]
[Round "9.4"]
[White "Sumets, Andrey"]
[Black "Rzayev, Bahruz Iqbal Oglu"]
[Result "1-0"]
[WhiteElo "2575"]
[BlackElo "2405"]
[Annotator "ChessBase"]
[PlyCount "75"]
[EventDate "2018.06.26"]
[EventType "swiss"]
[EventCountry "TUR"]
[SourceTitle "playchess.com"]
[Source "ChessBase"]
[SourceQuality "1"]
[TimeControl "5400+30"]

1. d4 {[%emt 0:00:30]} d5 {[%emt 0:04:30]} 2. c4 {[%emt 0:00:30]} e6 {[%emt 0:00:00]} 3. Nf3 {[%emt 0:00:00]} Nf6 {[%emt 0:00:00]} 4. Nc3 {[%emt 0:01:00]} c5 {[%emt 0:00:30]} 5. e3 {[%emt 0:02:30]} Nc6 {[%emt 0:00:30]} 6. a3 {[%emt 0:00:30]} a6 {[%emt 0:02:30]} 7. dxc5 {[%emt 0:00:30]} Bxc5 {[%emt 0:00:30]} 8. b4 {[%emt 0:00:00]} Bb6 {[%emt 0:03:30]} 9. Bb2 {[%emt 0:00:00]} O-O {[%emt 0:01:30]} 10. Qc2 {[%emt 0:08:30]} d4 {[%emt 0:14:30]} 11. Rd1 {[%emt 0:13:30]} e5 {[%emt 0:00:00]} 12. Be2 {[%emt 0:00:30]} Bd7 {[%emt 0:02:00]} 13. Nd5 {[%emt 0:09:30]} Nxd5 {[%emt 0:06:30]} 14. cxd5 {[%emt 0:00:00]} Ne7 {[%emt 0:00:30]} 15. exd4 {[%emt 0:05:00]} Rc8 {[%emt 0:01:30]} 16. Qb3 {[%emt 0:02:30]} e4 {[%emt 0:06:30]} 17. Ne5 {[%emt 0:00:30]} Bb5 {[%emt 0:00:30]} 18. Bg4 {[%emt 0:04:30]} Rc7 {[%emt 0:03:30]} 19. a4 {[%emt 0:02:30]} Be8 {[%emt 0:01:30]} 20. Be2 {[%emt 0:01:30]} Kh8 {[%emt 0:04:30]} 21. a5 {[%emt 0:01:30]} Ba7 {[%emt 0:04:30]} 22. b5 {[%emt 0:00:00]} Rc8 {[%emt 0:06:30]} 23. b6 {[%emt 0:07:00]} Bb8 {[%emt 0:00:00]} 24. Ba3 {[%emt 0:01:30]} f6 {[%emt 0:01:00]} 25. Qb4 {[%emt 0:02:30]} fxe5 {[%emt 0:03:30]} 26. Qxe7 {[%emt 0:01:30]} Rf7 {[%emt 0:00:30]} 27. Qxd8 {[%emt 0:00:30]} Rxd8 {[%emt 0:00:00]} 28. O-O {[%emt 0:01:30]} Ba4 {[%emt 0:02:00]} 29. Rd2 {[%emt 0:00:30]} Bb3 {[%emt 0:01:30]} 30. d6 {[%emt 0:04:30]} Bxd6 {[%emt 0:02:30]} 31. dxe5 {[%emt 0:00:30]} Be7 {[%emt 0:00:30]} 32. Rxd8+ {[%emt 0:00:30]} Bxd8 {[%emt 0:00:00]} 33. Rc1 {[%emt 0:00:30]} Be6 {[%emt 0:00:00]} 34. Bc4 {[%emt 0:02:30]} Bg5 {[%emt 0:00:30]} 35. Bxe6 {[%emt 0:08:30]} Bxc1 {[%emt 0:00:30]} 36. Bxc1 {[%emt 0:01:04]} Re7 {[%emt 0:00:30]} 37. Bc8 {[%emt 0:00:30]} Rxe5 {[%emt 0:00:00]} 38. Be3 {[%emt 0:00:00]} 1-0

[Event "6th Cesme Open-A 2018"]
[Site "Cesme"]
[Date "2018.07.01"]
[Round "9.5"]
[White "Gadimbayli, Abdulla Azar"]
[Black "Sanal, Vahap"]
[Result "0-1"]
[WhiteElo "2420"]
[BlackElo "2510"]
[Annotator "ChessBase"]
[PlyCount "60"]
[EventDate "2018.06.26"]
[EventType "swiss"]
[EventCountry "TUR"]
[SourceTitle "playchess.com"]
[Source "ChessBase"]
[SourceQuality "1"]
[TimeControl "5400+30"]

1. e4 {[%emt 0:00:30]} e5 {[%emt 0:08:30]} 2. Nf3 {[%emt 0:00:30]} Nc6 {[%emt 0:00:30]} 3. Bb5 {[%emt 0:00:00]} a6 {[%emt 0:00:00]} 4. Ba4 {[%emt 0:00:00]} Nf6 {[%emt 0:00:00]} 5. O-O {[%emt 0:00:30]} Be7 {[%emt 0:00:00]} 6. Re1 {[%emt 0:00:00]} b5 {[%emt 0:00:00]} 7. Bb3 {[%emt 0:00:00]} O-O {[%emt 0:00:30]} 8. c3 {[%emt 0:00:00]} d6 {[%emt 0:00:00]} 9. h3 {[%emt 0:00:00]} Bb7 {[%emt 0:01:00]} 10. d4 {[%emt 0:00:30]} Nd7 {[%emt 0:00:30]} 11. a4 {[%emt 0:02:30]} Na5 {[%emt 0:09:30]} 12. Bc2 {[%emt 0:01:30]} c5 {[%emt 0:00:00]} 13. d5 {[%emt 0:00:30]} c4 {[%emt 0:00:00]} 14. Be3 {[%emt 0:05:30]} Qc7 {[%emt 0:17:30]} 15. Na3 {[%emt 0:34:30]} bxa4 {[%emt 0:03:30]} 16. Nd2 {[%emt 0:04:30]} f5 {[%emt 0:08:30]} 17. exf5 {[%emt 0:07:30]} Nf6 {[%emt 0:10:30]} 18. Bxa4 {[%emt 0:03:30]} Kh8 {[%emt 0:06:30]} 19. b4 {[%emt 0:03:30]} cxb3 {[%emt 0:03:30]} 20. c4 {[%emt 0:01:30]} Nd7 {[%emt 0:04:30]} 21. Bxd7 {[%emt 0:05:30]} Qxd7 {[%emt 0:00:30]} 22. Nxb3 {[%emt 0:00:30]} Nxb3 {[%emt 0:03:30]} 23. Qxb3 {[%emt 0:00:30]} Bc8 {[%emt 0:00:30]} 24. c5 {[%emt 0:00:30]} dxc5 {[%emt 0:00:30]} 25. Red1 {[%emt 0:00:30]} Qxf5 {[%emt 0:00:30]} 26. Rac1 {[%emt 0:00:30]} Bd7 {[%emt 0:00:30]} 27. Qd3 {[%emt 0:00:30]} e4 {[%emt 0:00:30]} 28. Qe2 {[%emt 0:00:30]} Qg6 {[%emt 0:00:30]} 29. Kh1 {[%emt 0:14:18]} Rf3 {[%emt 0:10:10]} 30. h4 {[%emt 0:03:42]} Bg4 {[%emt 0:01:44]} 0-1

[Event "6th Cesme Open-A 2018"]
[Site "Cesme"]
[Date "2018.07.01"]
[Round "9.6"]
[White "Yilmazyerli, Mert"]
[Black "Zeynalli, Rashad Hamza"]
[Result "0-1"]
[WhiteElo "2491"]
[BlackElo "2295"]
[Annotator "ChessBase"]
[PlyCount "102"]
[EventDate "2018.06.26"]
[EventType "swiss"]
[EventCountry "TUR"]
[SourceTitle "playchess.com"]
[Source "ChessBase"]
[SourceQuality "1"]
[TimeControl "5400+30"]

1. Nf3 {[%emt 0:00:30]} f5 {[%emt 0:00:30]} 2. g3 {[%emt 0:00:30]} Nf6 {[%emt 0:00:30]} 3. Bg2 {[%emt 0:00:00]} g6 {[%emt 0:00:30]} 4. O-O {[%emt 0:00:00]} Bg7 {[%emt 0:00:30]} 5. d4 {[%emt 0:00:30]} O-O {[%emt 0:00:00]} 6. c4 {[%emt 0:00:00]} d6 {[%emt 0:00:00]} 7. Nc3 {[%emt 0:00:00]} Qe8 {[%emt 0:00:00]} 8. b3 {[%emt 0:00:30]} e5 {[%emt 0:02:00]} 9. dxe5 {[%emt 0:00:30]} dxe5 {[%emt 0:01:30]} 10. Ba3 {[%emt 0:00:30]} Rf7 {[%emt 0:01:30]} 11. e4 {[%emt 0:00:30]} Nc6 {[%emt 0:00:30]} 12. exf5 {[%emt 0:01:30]} Bxf5 {[%emt 0:02:30]} 13. Re1 {[%emt 0:03:30]} Rd8 {[%emt 0:03:30]} 14. Qc1 {[%emt 0:01:30]} Rfd7 {[%emt 0:04:30]} 15. Ng5 {[%emt 0:08:30]} Nd4 {[%emt 0:13:30]} 16. Nge4 {[%emt 0:02:30]} Nxe4 {[%emt 0:03:30]} 17. Nxe4 {[%emt 0:00:00]} Bg4 {[%emt 0:03:30]} 18. Qg5 {[%emt 0:34:00]} Bf3 {[%emt 0:03:30]} 19. Bb2 {[%emt 0:05:30]} Bxg2 {[%emt 0:03:30]} 20. Kxg2 {[%emt 0:00:30]} Nc2 {[%emt 0:03:30]} 21. Re2 {[%emt 0:04:30]} Nxa1 {[%emt 0:00:00]} 22. Bxa1 {[%emt 0:00:00]} Rf7 {[%emt 0:04:00]} 23. Qe3 {[%emt 0:04:00]} Qc6 {[%emt 0:04:30]} 24. Bc3 {[%emt 0:03:30]} b6 {[%emt 0:03:30]} 25. f3 {[%emt 0:05:30]} Rfd7 {[%emt 0:03:30]} 26. Qg5 {[%emt 0:02:30]} Re8 {[%emt 0:03:30]} 27. h4 {[%emt 0:03:37]} Rd3 {[%emt 0:03:30]} 28. Rd2 {[%emt 0:03:51]} Qd7 {[%emt 0:04:30]} 29. Rxd3 {[%emt 0:00:50]} Qxd3 {[%emt 0:01:30]} 30. Qd2 {[%emt 0:00:06]} Rd8 {[%emt 0:01:30]} 31. Kf2 {[%emt 0:00:28]} Qxd2+ {[%emt 0:02:30]} 32. Bxd2 {[%emt 0:00:05]} Bf8 {[%emt 0:02:30]} 33. Ke2 {[%emt 0:00:30]} a5 {[%emt 0:04:17]} 34. a4 {[%emt 0:02:00]} h6 {[%emt 0:04:21]} 35. Bc3 {[%emt 0:01:03]} Bg7 {[%emt 0:00:18]} 36. Bd2 {[%emt 0:00:46]} Kf7 {[%emt 0:00:20]} 37. Be3 {[%emt 0:00:00]} Bf8 {[%emt 0:02:25]} 38. Bd2 {[%emt 0:00:40]} Ke6 {[%emt 0:00:29]} 39. Be3 {[%emt 0:00:23]} Rb8 {[%emt 0:01:17]} 40. Kd3 {[%emt 0:00:44]} c6 {[%emt 0:01:07]} 41. Bd2 {[%emt 0:00:10]} h5 {[%emt 0:01:12]} 42. Ng5+ {[%emt 0:06:15]} Kf5 {[%emt 0:01:12]} 43. Ne4 {[%emt 0:00:04]} Bb4 {[%emt 0:00:54]} 44. Be3 {[%emt 0:03:05]} b5 {[%emt 0:01:15]} 45. Bc1 {[%emt 0:00:25]} bxa4 {[%emt 0:01:27]} 46. bxa4 {[%emt 0:00:04]} Ba3 {[%emt 0:01:28]} 47. Bd2 {[%emt 0:02:06]} Rb3+ {[%emt 0:00:14]} 48. Bc3 {[%emt 0:00:49]} Bb4 {[%emt 0:00:11]} 49. Kc2 {[%emt 0:00:17]} Rxc3+ {[%emt 0:00:08]} 50. Nxc3 {[%emt 0:00:20]} Bxc3 {[%emt 0:00:30]} 51. Kxc3 {[%emt 0:00:00]} e4 {[%emt 0:00:00]} 0-1

[Event "6th Cesme Open-A 2018"]
[Site "Cesme"]
[Date "2018.07.01"]
[Round "9.7"]
[White "Charkhalashvili, Inga"]
[Black "Sadikhov, Ulvi Ramil Oglu"]
[Result "0-1"]
[WhiteElo "2325"]
[BlackElo "2484"]
[Annotator "ChessBase"]
[PlyCount "92"]
[EventDate "2018.06.26"]
[EventType "swiss"]
[EventCountry "TUR"]
[SourceTitle "playchess.com"]
[Source "ChessBase"]
[SourceQuality "1"]
[TimeControl "5400+30"]

1. d4 {[%emt 0:00:30]} Nf6 {[%emt 0:03:30]} 2. c4 {[%emt 0:00:30]} g6 {[%emt 0:00:30]} 3. f3 {[%emt 0:00:00]} c5 {[%emt 0:00:30]} 4. e4 {[%emt 0:00:00]} cxd4 {[%emt 0:01:30]} 5. Qxd4 {[%emt 0:00:30]} Nc6 {[%emt 0:00:00]} 6. Qd1 {[%emt 0:01:30]} Bg7 {[%emt 0:01:00]} 7. Nc3 {[%emt 0:00:00]} O-O {[%emt 0:00:00]} 8. Be3 {[%emt 0:00:00]} e6 {[%emt 0:02:00]} 9. Be2 {[%emt 0:05:30]} d5 {[%emt 0:02:30]} 10. cxd5 {[%emt 0:02:30]} exd5 {[%emt 0:00:30]} 11. exd5 {[%emt 0:00:00]} Ne7 {[%emt 0:00:30]} 12. Bc4 {[%emt 0:13:00]} Nf5 {[%emt 0:07:30]} 13. Bf2 {[%emt 0:00:30]} Bh6 {[%emt 0:00:30]} 14. Nge2 {[%emt 0:02:30]} Ne3 {[%emt 0:01:30]} 15. Bxe3 {[%emt 0:00:30]} Bxe3 {[%emt 0:00:00]} 16. Qb3 {[%emt 0:01:30]} Qa5 {[%emt 0:05:00]} 17. Kf1 {[%emt 0:04:30]} a6 {[%emt 0:04:30]} 18. d6 {[%emt 0:05:30]} Ba7 {[%emt 0:01:30]} 19. Ng3 {[%emt 0:02:30]} Bf5 {[%emt 0:00:30]} 20. Rd1 {[%emt 0:07:30]} Qc5 {[%emt 0:02:30]} 21. Rd2 {[%emt 0:00:30]} Rad8 {[%emt 0:03:30]} 22. Na4 {[%emt 0:07:30]} Qc8 {[%emt 0:02:30]} 23. Nxf5 {[%emt 0:06:30]} Qxf5 {[%emt 0:01:30]} 24. Bd5 {[%emt 0:02:30]} Ng4 {[%emt 0:01:30]} 25. Be4 {[%emt 0:00:30]} Qf4 {[%emt 0:01:30]} 26. Ke1 {[%emt 0:09:30]} Be3 {[%emt 0:02:30]} 27. Rd5 {[%emt 0:01:30]} Nf2 {[%emt 0:10:30]} 28. g3 {[%emt 0:01:30]} Qh6 {[%emt 0:01:30]} 29. Rf1 {[%emt 0:00:30]} b5 {[%emt 0:00:30]} 30. Nc3 {[%emt 0:02:30]} Qxh2 {[%emt 0:01:30]} 31. Ne2 {[%emt 0:00:30]} Bb6 {[%emt 0:00:30]} 32. Qc3 {[%emt 0:09:28]} Qg2 {[%emt 0:03:30]} 33. Rd4 {[%emt 0:10:26]} Bxd4 {[%emt 0:00:30]} 34. Qxd4 {[%emt 0:00:30]} Nxe4 {[%emt 0:00:30]} 35. fxe4 {[%emt 0:00:30]} Rfe8 {[%emt 0:00:30]} 36. e5 {[%emt 0:00:30]} Qh3 {[%emt 0:00:30]} 37. Rf4 {[%emt 0:00:30]} Qh5 {[%emt 0:00:30]} 38. Re4 {[%emt 0:03:05]} Qh1+ {[%emt 0:02:30]} 39. Kd2 {[%emt 0:00:52]} Rxd6 {[%emt 0:00:30]} 40. exd6 {[%emt 0:00:18]} Rxe4 {[%emt 0:00:30]} 41. Qd3 {[%emt 0:00:44]} Re8 {[%emt 0:00:30]} 42. d7 {[%emt 0:01:01]} Rd8 {[%emt 0:00:30]} 43. Nf4 {[%emt 0:00:00]} Qc6 {[%emt 0:00:30]} 44. Nd5 {[%emt 0:00:00]} Rxd7 {[%emt 0:01:30]} 45. Nf6+ {[%emt 0:00:36]} Qxf6 {[%emt 0:00:30]} 46. Qxd7 {[%emt 0:00:30]} Qxb2+ {[%emt 0:00:00]} 0-1

[Event "6th Cesme Open-A 2018"]
[Site "Cesme"]
[Date "2018.07.01"]
[Round "9.8"]
[White "Bashirli, Nail Qoshqar"]
[Black "Barsov, Alexei"]
[Result "0-1"]
[WhiteElo "2385"]
[BlackElo "2371"]
[Annotator "NA"]
[PlyCount "134"]
[EventDate "2018.06.26"]
[EventType "swiss"]
[EventCountry "TUR"]
[SourceTitle "playchess.com"]
[Source "ChessBase"]
[SourceQuality "1"]
[TimeControl "5400+30"]

1. e4 {[%emt 0:14:30]} e6 {[%emt 0:00:30]} 2. d4 {[%emt 0:00:30]} d5 {[%emt 0:00:30]} 3. Nd2 {[%emt 0:00:30]} Be7 {[%emt 0:00:00]} 4. Bd3 {[%emt 0:00:00]} c5 {[%emt 0:00:00]} 5. dxc5 {[%emt 0:00:00]} Nf6 {[%emt 0:00:00]} 6. Qe2 {[%emt 0:00:30]} O-O {[%emt 0:00:00]} 7. Ngf3 {[%emt 0:00:00] C03: French Tarrasch: Unusual Black 3rd moves} a5 {[%emt 0:00:00]} 8. e5 {[%emt 0:01:00]} Nfd7 {[%emt 0:00:00]} 9. c4 {[%emt 0:02:30]} Na6 {[%emt 0:01:30]} 10. O-O {[%emt 0:00:30]} Naxc5 {[%emt 0:00:30]} 11. Bc2 {[%emt 0:00:30] LiveBook: 63 Games} dxc4 {[%emt 0:00:30]} 12. Rd1 {[%emt 0:19:30]} (12. Nd4 $14) 12... b5 {[%emt 0:01:30]} 13. Ne4 {[%emt 0:05:30]} Bb7 {[%emt 0:00:30]} 14. Nxc5 $1 {[%emt 0:02:30]} Bxc5 {[%emt 0:00:30] [#]} 15. Ng5 $146 {[%emt 0:00:30]} ({Predecessor:} 15. Bxh7+ Kxh7 {½-½ (23) Motylev,A (2658)-Vitiugov,N (2719) Chita 2015}) 15... g6 {[%emt 0:23:30]} 16. Be4 {[%emt 0:01:30]} Qc7 {[%emt 0:07:30]} 17. Bxb7 {[%emt 0:01:30]} Qxb7 {[%emt 0:00:30]} 18. Ne4 {[%emt 0:01:30] [#]} Be7 $1 {[%emt 0:00:30]} 19. Qf3 {[%emt 0:07:30]} Nc5 {[%emt 0:05:30]} 20. Nf6+ {[%emt 0:02:30]} Bxf6 {[%emt 0:00:30]} 21. Qxf6 {[%emt 0:00:00]} Ne4 {[%emt 0:00:00]} 22. Qh4 $1 {[%emt 0:00:00]} f5 {[%emt 0:00:00]} 23. Bh6 $2 {[%emt 0:04:30]} ({White must play} 23. exf6 $1 $11 Rf7 24. a4 (24. Bg5 Nxg5 25. Qxg5 Raf8 $11)) 23... Rfe8 {[%emt 0:14:30]} 24. Rd4 {[%emt 0:11:30]} c3 {[%emt 0:00:30]} 25. bxc3 {[%emt 0:03:30]} Nxc3 {[%emt 0:00:30]} 26. Rd6 {[%emt 0:02:24]} b4 {[%emt 0:06:30]} 27. Qc4 {[%emt 0:04:16]} Rac8 {[%emt 0:10:30]} 28. Qd3 {[%emt 0:00:30]} Nd5 {[%emt 0:00:00]} 29. h3 {[%emt 0:04:50]} a4 {[%emt 0:05:00]} 30. Rb1 {[%emt 0:00:38]} Rb8 {[%emt 0:00:30]} 31. Ra6 {[%emt 0:02:09]} Red8 {[%emt 0:12:32]} 32. Rxa4 {[%emt 0:03:03]} Nb6 {[%emt 0:01:57]} 33. Qxd8+ {[%emt 0:00:08]} Rxd8 {[%emt 0:00:19]} 34. Raxb4 {[%emt 0:00:00]} Rb8 {[%emt 0:04:03]} 35. Be3 {[%emt 0:00:09]} Qa8 {[%emt 0:00:30]} 36. Bxb6 {[%emt 0:03:42]} Qxa2 {[%emt 0:00:30]} 37. Kh2 {[%emt 0:00:00]} g5 {[%emt 0:00:20]} 38. Rd1 {[%emt 0:00:56]} (38. f3 $17) 38... Qe2 {[%emt 0:00:45]} 39. Rd7 {[%emt 0:01:41]} Qxe5+ {[%emt 0:02:56]} 40. g3 {[%emt 0:00:00]} Qe2 {[%emt 0:03:25]} 41. Kg2 {[%emt 0:02:42]} Qa6 {[%emt 0:00:30]} 42. Rd6 {[%emt 0:00:00]} Kf7 {[%emt 0:00:26]} 43. Rb2 {[%emt 0:00:27]} Rb7 {[%emt 0:00:42]} 44. Kh2 {[%emt 0:00:29]} Qa3 {[%emt 0:00:35]} 45. Rbd2 {[%emt 0:00:05]} Qb4 {[%emt 0:00:27]} 46. Bd8 {[%emt 0:00:35]} (46. Be3 {is a better defense.}) 46... h6 {[%emt 0:00:48]} 47. R6d4 {[%emt 0:00:30]} Qc3 {[%emt 0:00:00]} 48. R4d3 {[%emt 0:00:00]} Qc5 {[%emt 0:00:31]} 49. Rd4 {[%emt 0:00:33]} Qc1 {[%emt 0:00:38]} 50. Rd1 {[%emt 0:00:21]} Qb2 {[%emt 0:00:43]} 51. R1d2 {[%emt 0:00:12]} Qa1 {[%emt 0:00:05]} 52. Kg2 {[%emt 0:02:29]} (52. Rd1 $142 Qc3 53. R4d3) 52... Qa8 {[%emt 0:00:38]} (52... Rb1 $142 53. Kf3 Qa8+ 54. Ke2 Qa6+ 55. R2d3 e5 56. Rd7+ Ke8) 53. Kg1 {[%emt 0:00:37]} Rb1+ {[%emt 0:00:40]} 54. Rd1 {[%emt 0:00:00]} Qa1 {[%emt 0:00:17]} 55. Rxb1 {[%emt 0:00:15]} Qxb1+ {[%emt 0:00:53]} 56. Kg2 {[%emt 0:00:01]} Qb7+ {[%emt 0:00:26]} 57. Kg1 {[%emt 0:00:30]} Qb1+ {[%emt 0:00:30]} 58. Kg2 {[%emt 0:00:00]} e5 {[%emt 0:00:00]} 59. Rd2 {[%emt 0:00:02]} Qb7+ {[%emt 0:00:00]} 60. Kh2 {[%emt 0:00:12]} Qa7 {[%emt 0:01:06]} 61. h4 {[%emt 0:00:04]} g4 {[%emt 0:00:00]} 62. Kg1 {[%emt 0:01:31]} Qa1+ {[%emt 0:00:45]} 63. Kh2 {[%emt 0:00:09]} f4 {[%emt 0:00:55]} 64. gxf4 {[%emt 0:01:15]} exf4 {[%emt 0:00:01]} 65. Bb6 {[%emt 0:01:06]} Qf6 {[%emt 0:00:45]} 66. Bd8 {[%emt 0:01:33]} Qc3 {[%emt 0:00:13]} 67. Rd7+ {[%emt 0:00:23]} Ke8 {[%emt 0:00:20]} 0-1

[Event "6th Cesme Open-A 2018"]
[Site "Cesme"]
[Date "2018.07.01"]
[Round "9.9"]
[White "Abdulla, Khayala Mardan Qizi"]
[Black "Odeev, Handszar"]
[Result "1-0"]
[WhiteElo "2231"]
[BlackElo "2415"]
[Annotator "TA"]
[PlyCount "27"]
[EventDate "2018.06.26"]
[EventType "swiss"]
[EventCountry "TUR"]
[SourceTitle "playchess.com"]
[Source "ChessBase"]
[SourceQuality "1"]

{[%evp 2,2,31]} 1. e4 c5 {Predecessor:} 2. Nf3 $146 Nf6 3. Nc3 d5 4. exd5 Nxd5 5. Bb5+ Bd7 6. Ne5 Bxb5 7. Qf3 f6 8. Nxb5 Na6 9. Qh5+ g6 10. Nxg6 hxg6 11. Qxh8 Qd7 12. Nc3 Nab4 13. O-O Nxc2 14. Rb1 {½-½ (54) Caruana,F (2816)-Mamedyarov,S (2808) Leuven 2018} 1-0

[Event "6th Cesme Open-A 2018"]
[Site "Cesme"]
[Date "2018.07.01"]
[Round "9.10"]
[White "Agdelen, Huseyin Can"]
[Black "Ozen, Deniz"]
[Result "0-1"]
[WhiteElo "2276"]
[BlackElo "2408"]
[Annotator "ChessBase"]
[PlyCount "70"]
[EventDate "2018.06.26"]
[EventType "swiss"]
[EventCountry "TUR"]
[SourceTitle "playchess.com"]
[Source "ChessBase"]
[SourceQuality "1"]
[TimeControl "5400+30"]

1. e4 {[%emt 0:10:30]} e6 {[%emt 0:00:30]} 2. d4 {[%emt 0:00:30]} d5 {[%emt 0:00:30]} 3. Nc3 {[%emt 0:00:00]} Nf6 {[%emt 0:00:00]} 4. e5 {[%emt 0:00:00]} Nfd7 {[%emt 0:00:00]} 5. f4 {[%emt 0:00:30]} c5 {[%emt 0:00:30]} 6. Nf3 {[%emt 0:00:30]} Nc6 {[%emt 0:00:00]} 7. Be3 {[%emt 0:00:00]} Be7 {[%emt 0:00:00]} 8. Qd2 {[%emt 0:00:00]} O-O {[%emt 0:00:00]} 9. dxc5 {[%emt 0:00:30]} Nxc5 {[%emt 0:00:00]} 10. O-O-O {[%emt 0:00:30]} a6 {[%emt 0:00:00]} 11. Kb1 {[%emt 0:00:30]} b5 {[%emt 0:00:00]} 12. Bxc5 {[%emt 0:01:30]} Bxc5 {[%emt 0:00:00]} 13. Bd3 {[%emt 0:00:30]} f5 {[%emt 0:14:00]} 14. exf6 {[%emt 0:12:30]} Qxf6 {[%emt 0:00:30]} 15. Ne2 {[%emt 0:24:30]} Nb4 {[%emt 0:08:30]} 16. h4 {[%emt 0:12:30]} Nxd3 {[%emt 0:01:30]} 17. Qxd3 {[%emt 0:00:00]} Bd6 {[%emt 0:00:30]} 18. g4 {[%emt 0:03:00]} Qg6 {[%emt 0:02:30]} 19. Qc3 {[%emt 0:10:30]} Bb7 {[%emt 0:02:30]} 20. Ng5 {[%emt 0:04:04]} h6 {[%emt 0:04:30]} 21. Nf3 {[%emt 0:09:48]} Rac8 {[%emt 0:02:30]} 22. Ne5 {[%emt 0:05:41]} Bxe5 {[%emt 0:07:30]} 23. Qxe5 {[%emt 0:00:30]} Qxc2+ {[%emt 0:00:30]} 24. Ka1 {[%emt 0:00:00]} Qe4 {[%emt 0:00:00]} 25. Qxe4 {[%emt 0:00:03]} dxe4 {[%emt 0:00:00]} 26. g5 {[%emt 0:00:24]} Rcd8 {[%emt 0:01:30]} 27. gxh6 {[%emt 0:02:21]} Rxd1+ {[%emt 0:03:30]} 28. Rxd1 {[%emt 0:00:30]} gxh6 {[%emt 0:00:00]} 29. b4 {[%emt 0:00:00]} Bd5 {[%emt 0:01:00]} 30. Rg1+ {[%emt 0:02:27]} Kh7 {[%emt 0:01:30]} 31. Rd1 {[%emt 0:00:15]} Bc4 {[%emt 0:01:30]} 32. Rd7+ {[%emt 0:00:46]} Kg8 {[%emt 0:00:30]} 33. Ng3 {[%emt 0:01:06]} e3 {[%emt 0:00:30]} 34. Rd4 {[%emt 0:00:00]} e2 {[%emt 0:00:30]} 35. Re4 {[%emt 0:00:37]} Rxf4 {[%emt 0:00:00]} 0-1